000
00296nam a22001337a 4500
008
170220b xxu||||| |||| 00| 0 eng d
020
_a
9781585281800
041
_a
eng
080
_2
4TH
_a
615
100
_a
5
101
_a
SHF
245
_a
INTERPRETING LABORATODY DATA
_c
LEE, M
942
_2
udc
_c
BK
999
_c
5896
_d
5896